[Event "CRO-chT2 West"]
[Site "Rijeka"]
[Date "2020.09.13"]
[Round "2.1"]
[White "Bodjanec, Vlatko"]
[Black "Jurkovic, Ante"]
[Result "1/2-1/2"]
[WhiteElo "2246"]
[BlackElo "2286"]
[PlyCount "51"]
[EventDate "2020.09.12"]
[EventType "team-tourn"]
[EventRounds "9"]
[EventCountry "CRO"]
[SourceTitle "EXT 2022"]
[Source "ChessBase"]
[SourceDate "2021.10.06"]
[SourceVersion "1"]
[SourceVersionDate "2021.10.06"]
[SourceQuality "1"]
[WhiteTeam "Rijeka II"]
[BlackTeam "Ravna Gora Goranka"]
[WhiteTeamCountry "CRO"]
[BlackTeamCountry "CRO"]

1. e4 e6 2. Nc3 d5 3. d4 Nf6 4. exd5 exd5 5. Nf3 Bb4 6. Bg5 0-0 7. Be2 c6 8. 0-0 Bf5 9. Bd3 Bxd3 10. Qxd3 Nbd7 11. Ne5 Qc7 12. Qg3 Bxc3 13. Bxf6 Nxf6 14. Qxc3 Ne4 15. Qd3 f6 16. Nc4 Rae8 17. Nd2 Qf4 18. Rad1 Rf7 19. g3 Qf5 20. Nxe4 Qxe4 21. Qxe4 Rxe4 22. Rfe1 Rfe7 23. Rxe4 Rxe4 24. Kf1 Kf7 25. f3 Re8 26. Kf2 1/2-1/2